All Plants in PvZ 2 - Statistics

General Stats
  • This quiz has been taken 88 times
    40 since last reset
  • The average score is 103 of 203
Answer Stats
Obtained Answer % Correct
Player's House Cabbage Pult
100%
Pirate Seas Cherry Bomb
100%
Player's House Peashooter
100%
Player's House Potato Mine
100%
Ancient Egypt Repeater
100%
Player's House Sunflower
100%
Pirate Seas Threepeater
100%
Player's House Wall-Nut
100%
Ancient Egypt Bonk Choy
94%
Ancient Egypt Iceberg Lettuce
94%
Jurassic Marsh Primal Peashooter
94%
Jurassic Marsh Primal Sunflower
94%
Jurassic Marsh Primal Wall-Nut
94%
Pirate Seas Spikeweed
94%
Pirate Seas Spring Bean
94%
Ancient Egypt Twin Sunflower
94%
Ancient Egypt Bloomerang
89%
Frostbite Caves Hot Potato
89%
Pirate Seas Kernel-Pult
89%
Far Future Laser Bean
89%
Big Wave Beach Lily Pad
89%
Wild West Melon-Pult
89%
Frostbite Caves Pepper-Pult
89%
Jurassic Marsh Primal Potato Mine
89%
Pirate Seas Spikerock
89%
Wild West Split Pea
89%
Dark Ages Sun-Shroom
89%
Wild West Winter Melon
89%
Far Future Blover
83%
Premium Cactus
83%
Premium Chomper
83%
Far Future Citron
83%
Seed Packet Doom Shroom
83%
Lost City Gold Leaf
83%
Ancient Egypt Grave Buster
83%
Jurassic Marsh Perfume Shroom
83%
Dark Ages Puff-Shroom
83%
Lost City Red Stinger
83%
Pirate Seas Snapdragon
83%
Premium Snow Pea
83%
Wild West Tall-Nut
83%
Wild West Chili Bean
78%
Pirate Seas Coconut Cannon
78%
Far Future E.M.Peach
78%
Gemium Fire Peashooter
78%
Dark Ages Magnet-Shroom
78%
Zen Garden Marigold
78%
Wild West Pea Pod
78%
Neon Mixtape Tour Phat Beet
78%
Dark Ages Sun Bean
78%
Big Wave Beach Tangle Kelp
78%
Seed Packet Torchwood
78%
Big Wave Beach Bowling Bulb
72%
Lost City Endurian
72%
Dark Ages Fume-Shroom
72%
Neon Mixtape Tour Garlic
72%
Big Wave Beach Guacodile
72%
Gemium Hypno-shroom
72%
Gemium Jalapeno
72%
Wild West Lightning Reed
72%
Modern Day Moonflower
72%
Gemium Squash
72%
Far Future Tile Turnip
72%
Lost City A.K.E.E.
67%
Power Mints Appease-Mint
67%
Big Wave Beach Banana Launcher
67%
Neon Mixtape Tour Celery Stalker
67%
Neon Mixtape Tour Thyme Warp
67%
Modern Day Dusk Lobber
61%
Gemium Ghost Pepper
61%
Premium Gold Bloom
61%
Seed Packet Ice-Shroom
61%
Far Future Infi-Nut
61%
Far Future Magnifying Grass
61%
Premium Power Lily
61%
Frostbite Caves Rotobaga
61%
Seed Packet Scaredy-Shroom
61%
Lost City Stallia
61%
Frostbite Caves Stunion
61%
Frostbite Caves Chard Guard
56%
Premium Cold Snapdragon
56%
Premium Grapeshot
56%
Modern Day Grimrose
56%
Neon Mixtape Tour Intensive Carrot
56%
Gemium Lava Guava
56%
Modern Day Nightshade
56%
Seed Packet Sea-Shroom
56%
Modern Day Shadow Shroom
56%
Gemium Shrinking Violet
56%
Premium Caulipower
50%
Premium Electric Peashooter
50%
Premium Escape Root
50%
Gemium Homing Thistle
50%
Seed Packet Hot Date
50%
Gemium Hurrikale
50%
Premium Jack O' Lantern
50%
Seed Packet Pumpkin
50%
Power Mints Reinforce-Mint
50%
Gemium Sap-fling
50%
Seed Packet Starfruit
50%
Gemium Sweet Potato
50%
Premium Toadstool
50%
Premium Electric Blueberry
44%
Power Mints Enlighten-Mint
44%
Seed Packet Goo Peashooter
44%
Premium Imitater
44%
Seed Packet Mega Gatling Pea
44%
Premium Parsnip
44%
Seed Packet Pokra
44%
Seed Packet Shadow Peashooter
44%
Seed Packet Snap Pea
44%
Neon Mixtape Tour Spore-Shroom
44%
Seed Packet Blastberry Vine
39%
Seed Packet Dandelion
39%
Gemium Electric Currant
39%
Seed Packet Explode-O-Nut
39%
Seed Packet Iceweed
39%
Gemium Kiwibeast
39%
Seed Packet Meteor Flower
39%
Seed Packet Nightcap
39%
Gemium Pea-nut
39%
Seed Packet Solar Tomato
39%
Premium Strawburst
39%
Seed Packet Tiger Grass
39%
Seed Packet Ultomato
39%
Premium Witch Hazel
39%
Seed Packet Zoybean Pod
39%
Seed Packet Aloe
33%
Premium Apple Mortar
33%
Power Mints Arma-Mint
33%
Power Mints Bombard-Mint
33%
Seed Packet Electrici-Tea
33%
Power Mints Enchant-Mint
33%
Seed Packet Gumnut
33%
Premium Holly Barrier
33%
Seed Packet Ice Bloom
33%
Premium Missile Toe
33%
Seed Packet Pea Vine
33%
Power Mints Pepper-Mint
33%
Power Mints Spear-Mint
33%
Premium Wasabi Whip
33%
Power Mints Winter-Mint
33%
Power Mints Ail-Mint
28%
Seed Packet Aqua Vine
28%
Seed Packet Bamboo Spartan
28%
Seed Packet Blaze Leaf
28%
Seed Packet Blooming Heart
28%
Seed Packet Boom Balloon Flower
28%
Power Mints Contain-Mint
28%
Seed Packet Electric Peel
28%
Power Mints Enforce-Mint
28%
Seed Packet Guard-Shroom
28%
Seed Packet Imp Pear
28%
Seed Packet Murkadamia Nut
28%
Seed Packet Pyre Vine
28%
Seed Packet Sling Pea
28%
Seed Packet Solar Sage
28%
Seed Packet Sundew Tangler
28%
Seed Packet Znake Lily
28%
Seed Packet Bean Sprout
22%
Seed Packet Blockoli
22%
Seed Packet Bombegranate
22%
Seed Packet Bzzz Button
22%
Seed Packet Chilly Pepper
22%
Seed Packet Explode-O-Vine
22%
Seed Packet Gloom Vine
22%
Seed Packet Heath Seeker
22%
Seed Packet Levitater
22%
Seed Packet Puffball
22%
Seed Packet Rhubarbarian
22%
Seed Packet Shine Vine
22%
Seed Packet Teleportato Mine
22%
Seed Packet Turkey-Pult
22%
Seed Packet Boingsetta
17%
Seed Packet Bramble Bush
17%
Seed Packet Bud'uh Boom
17%
Seed Packet Buttercup
17%
Power Mints Conceal-Mint
17%
Seed Packet Dazey Chain
17%
Power Mints Fila-Mint
17%
Seed Packet Headbutter Lettuce
17%
Seed Packet MayBee
17%
Seed Packet Olive Pit
17%
Seed Packet Power Vine
17%
Seed Packet Tomb Tangler
17%
Seed Packet Tumbleweed
17%
Seed Packet Blast Spinner
11%
Seed Packet BoomBerry
11%
Seed Packet Bun Chi
11%
Seed Packet Cran Jelly
11%
Seed Packet Dartichoke
11%
Seed Packet Dragon Bruit
11%
Seed Packet Frost Bonnet
11%
Seed Packet Hammeruit
11%
Seed Packet Hocus Crocus
11%
Seed Packet Mangofier
11%
Seed Packet Noctarine
11%
Seed Packet SeaFlora
11%
Seed Packet Draftodil
6%
Seed Packet Inferno
6%
Seed Packet Stickybomb Rice
6%
Seed Packet Vamporcini
6%
Seed Packet Sweetheart Snare
0%
No matching quizzes found
Score Distribution
Percent of People with Each Score
Percentile by Number Answered
Your Score History
You have not taken this quiz since the last reset